How the north won (Record no. 765749)

MARC details
000 -LEADER
fixed length control field 00704nam a2200241Ia 4500
003 - CONTROL NUMBER IDENTIFIER
control field OSt
005 - DATE AND TIME OF LATEST TRANSACTION
control field 20220928121356.0
008 - FIXED-LENGTH DATA ELEMENTS--GENERAL INFORMATION
fixed length control field 220927b |||||||| |||| 00| 0 eng d
037 ## - SOURCE OF ACQUISITION
Terms of availability Textual
040 ## - CATALOGING SOURCE
Original cataloging agency SDCL
Transcribing agency SDCL
Language of cataloging eng
041 ## - LANGUAGE CODE
Source of code eng
Language code of text/sound track or separate title eng
100 ## - MAIN ENTRY--PERSONAL NAME
Personal name Hattaway Herman
9 (RLIN) 451719
245 #0 - TITLE STATEMENT
Title How the north won
Remainder of title A military history of the civil war
260 ## - PUBLICATION, DISTRIBUTION, ETC.
Place of publication, distribution, etc. London
Name of publisher, distributor, etc. University Of Illinois Press
Date of publication, distribution, etc. 1983
300 ## - PHYSICAL DESCRIPTION
Extent xii,762p
Dimensions cm.
700 ## - ADDED ENTRY--PERSONAL NAME
Personal name Jones Archer
9 (RLIN) 451720
942 ## - ADDED ENTRY ELEMENTS (KOHA)
Classification part V73,94'M61, M3
Koha item type Textual
Source of classification or shelving scheme Colon Classification (CC)
Holdings
Withdrawn status Lost status Damaged status Not for loan Home library Current library Date acquired Total Checkouts Full call number Barcode Date last seen Price effective from Koha item type
        South Campus Library South Campus Library 2022-09-28   V73,94'M61 M3 SC0854702 2022-09-28 2022-09-28 Textual
Copyright @ Delhi University Library System